Gyakorlati tevékenységem a BGE Tehetséggondozó műhelyében

Bibliographic Details
Main Author: Mata Anita
Other Authors: Surányi Dr. András
Format: Final Paper
Kulcsszavak:Stúdió
Blogszerkesztés
Sajtóműfajok
Online Access:http://dolgozattar.uni-bge.hu/5159

MARC

LEADER 00000nta a2200000 i 4500
001 dolg5159
005 20160504101836.0
008 160504suuuu hu o 000 hun d
040 |a BGE Dolgozattár Repozitórium  |b hun 
041 |a hu 
100 1 |a Mata Anita 
245 1 0 |a Gyakorlati tevékenységem a BGE Tehetséggondozó műhelyében  |c Mata Anita  |h [elektronikus dokumentum] 
516 |a Final_paper 
695 |a Stúdió 
695 |a Blogszerkesztés 
695 |a Sajtóműfajok 
700 1 |a Surányi Dr. András  |e ths 
856 4 0 |u http://dolgozattar.uni-bge.hu/5159/1/Z%C3%A1r%C3%B3dolgozat%20-%20Mata%20Anita.pdf  |z Dokumentum-elérés